000 00486nam a22001817a 4500
005 20250624120848.0
008 250520b |||||||| |||| 00| 0 eng d
020 _a97815-43348-56-9
041 _aEnglish
082 _aR 610.724 LOD DB1362
100 _aLodha C. P.
_9211998
110 _aMassey Akansha
_9212438
245 _aComprehensive Nursing Research & Statistics
260 _bS. Vokas & Company
_aPunjab
_c2025
300 _a492p
365 _bRs. 625.00
942 _cDB
999 _c366707
_d366707